[Event "Niederoesterreich Landesliga 1920"]
[Site "Austria"]
[Date "2019.11.24"]
[Round "4.4"]
[White "Mostbauer, Maximilian"]
[Black "Wirius, Johannes"]
[Result "1-0"]
[WhiteElo "2209"]
[BlackElo "2147"]
[PlyCount "57"]
[EventDate "2019.09.22"]
[EventType "team-tourn"]
[EventRounds "9"]
[EventCountry "AUT"]
[SourceTitle "CBM 195 Extra"]
[Source "ChessBase"]
[SourceDate "2020.05.31"]
[SourceVersion "1"]
[SourceVersionDate "2020.05.31"]
[SourceQuality "1"]
[WhiteTeam "Boehlerwerk"]
[BlackTeam "Kottingbrunn"]
[WhiteTeamCountry "AUT"]
[BlackTeamCountry "AUT"]

1. d4 Nf6 2. Nf3 g6 3. g3 Bg7 4. Bg2 0-0 5. 0-0 d6 6. b3 c5 7. Bb2 cxd4 8. Nxd4 a6 9. c4 Qb6 10. Nc3 Nc6 11. Na4 Qc7 12. c5 dxc5 13. Nxc6 bxc6 14. Qc2 Nd7 15. Bxg7 Kxg7 16. Rac1 Bb7 17. Nxc5 Nxc5 18. Qxc5 Rfd8 19. b4 Qd6 20. Qxd6 Rxd6 21. Rfd1 Rad8 22. Rxd6 Rxd6 23. a4 Rd4 24. b5 Rxa4 25. Bxc6 Bc8 26. b6 Rb4 27. Bg2 Bg4 28. b7 Bxe2 29. h3 1-0

[Event "Niederoesterreich Landesliga 1920"]
[Site "Austria"]
[Date "2019.10.06"]
[Round "2.4"]
[White "Wadsack, Wolfgang"]
[Black "Wirius, Johannes"]
[Result "1/2-1/2"]
[WhiteElo "2137"]
[BlackElo "2147"]
[PlyCount "105"]
[EventDate "2019.09.22"]
[EventType "team-tourn"]
[EventRounds "9"]
[EventCountry "AUT"]
[SourceTitle "CBM 195 Extra"]
[Source "ChessBase"]
[SourceDate "2020.05.31"]
[SourceVersion "1"]
[SourceVersionDate "2020.05.31"]
[SourceQuality "1"]
[WhiteTeam "Amstetten"]
[BlackTeam "Kottingbrunn"]
[WhiteTeamCountry "AUT"]
[BlackTeamCountry "AUT"]

1. e4 Nf6 2. Nc3 d5 3. exd5 Nxd5 4. Nxd5 Qxd5 5. Qf3 Qc5 6. c3 e5 7. d3 Nc6 8. Be3 Qa5 9. Nh3 Be7 10. Be2 Nd4 11. Bxd4 exd4 12. 0-0 dxc3 13. bxc3 Qxc3 14. Rac1 Qa5 15. Qg3 0-0 16. Qxc7 Qxc7 17. Rxc7 Bd6 18. Rc2 Bf5 19. g4 Bd7 20. Ng5 Rac8 21. Rxc8 Rxc8 22. Ne4 Ba3 23. Rb1 b6 24. Rb3 Be7 25. Rc3 Rxc3 26. Nxc3 Be6 27. d4 Bf6 28. d5 Bxc3 29. dxe6 fxe6 30. Bc4 Kf7 31. Kg2 Kf6 32. f4 e5 33. Kf3 exf4 34. Kxf4 Be5+ 35. Kf3 Bxh2 36. a4 Kg5 37. Bb5 h5 38. gxh5 Kxh5 39. Bc4 g5 40. Bf7+ Kh4 41. Be6 Bd6 42. Bc8 Bc5 43. Be6 Bb4 44. Bf5 Bd2 45. Be6 a6 46. Bc4 g4+ 47. Kg2 a5 48. Bb5 Kg5 49. Be8 Kf4 50. Bd7 g3 51. Be8 Be1 52. Bd7 Ke3 53. Bc6 1/2-1/2

[Event "Niederoesterreich Landesliga 1819"]
[Site "Austria"]
[Date "2019.03.17"]
[Round "10.2"]
[White "Bauer, Thomas"]
[Black "Wirius, Johannes"]
[Result "1-0"]
[WhiteElo "2171"]
[BlackElo "2185"]
[PlyCount "68"]
[EventDate "2018.09.30"]
[EventType "team-tourn"]
[EventRounds "11"]
[EventCountry "AUT"]
[SourceTitle "CBM 189 Extra"]
[Source "ChessBase"]
[SourceDate "2019.06.03"]
[SourceVersion "1"]
[SourceVersionDate "2019.06.03"]
[SourceQuality "1"]
[WhiteTeam "Litschau/Eisgarn"]
[BlackTeam "Kottingbrunn"]
[WhiteTeamCountry "AUT"]
[BlackTeamCountry "AUT"]

1. e4 e6 2. d4 d5 3. Nd2 Nf6 4. e5 Nfd7 5. c3 c5 6. Bd3 Nc6 7. Ne2 b6 8. Nf3 Be7 9. h4 a5 10. a3 Ba6 11. Bc2 h6 12. Kf1 Qc7 13. Kg1 0-0-0 14. Rh3 f5 15. Nf4 Nf8 16. Rg3 g5 17. hxg5 hxg5 18. Nxg5 Bxg5 19. Rxg5 cxd4 20. cxd4 Rd7 21. Bd3 Bxd3 22. Qxd3 Rdh7 23. Nh3 Kb7 24. Bf4 Ne7 25. Rg3 Nfg6 26. Rc1 Qd7 27. Qd2 Nxf4 28. Qxf4 Rh4 29. Qg5 Rxd4 30. Qf6 Rdh4 31. Rg7 R8h7 32. Rxh7 Rxh7 33. Ng5 Ng8 34. Qf8 Nh6 1-0

[Event "Niederoesterreich Landesliga 1819"]
[Site "Austria"]
[Date "2018.12.09"]
[Round "6.1"]
[White "Mostbauer, Florian"]
[Black "Wirius, Johannes"]
[Result "1/2-1/2"]
[WhiteElo "2342"]
[BlackElo "2185"]
[PlyCount "26"]
[EventDate "2018.09.30"]
[EventType "team-tourn"]
[EventRounds "11"]
[EventCountry "AUT"]
[SourceTitle "CBM 189 Extra"]
[Source "ChessBase"]
[SourceDate "2019.06.03"]
[SourceVersion "1"]
[SourceVersionDate "2019.06.03"]
[SourceQuality "1"]
[WhiteTeam "Boehlerwerk"]
[BlackTeam "Kottingbrunn"]
[WhiteTeamCountry "AUT"]
[BlackTeamCountry "AUT"]

1. d4 g6 2. g3 Bg7 3. Bg2 c5 4. c3 Qc7 5. Nf3 Nf6 6. Na3 d6 7. dxc5 Qxc5 8. Be3 Qa5 9. Qc1 Nc6 10. 0-0 0-0 11. Bh6 Bxh6 12. Qxh6 Qh5 13. Qxh5 Nxh5 1/2-1/2

[Event "Niederoesterreich Landesliga 1819"]
[Site "Austria"]
[Date "2018.09.30"]
[Round "1.2"]
[White "Hofmann, Thomas"]
[Black "Wirius, Johannes"]
[Result "1/2-1/2"]
[WhiteElo "2257"]
[BlackElo "2185"]
[PlyCount "30"]
[EventDate "2018.09.30"]
[EventType "team-tourn"]
[EventRounds "11"]
[EventCountry "AUT"]
[SourceTitle "CBM 189 Extra"]
[Source "ChessBase"]
[SourceDate "2019.06.03"]
[SourceVersion "1"]
[SourceVersionDate "2019.06.03"]
[SourceQuality "1"]
[WhiteTeam "Mistelbach/Altlichtenwarth"]
[BlackTeam "Kottingbrunn"]
[WhiteTeamCountry "AUT"]
[BlackTeamCountry "AUT"]

1. d4 Nf6 2. c4 g6 3. Nc3 Bg7 4. e4 d6 5. Be2 0-0 6. Be3 Nbd7 7. Qd2 c5 8. d5 Re8 9. g4 Nb6 10. f3 e6 11. h4 exd5 12. cxd5 Bxg4 13. fxg4 Nxe4 14. Nxe4 Rxe4 15. Bf2 Qf6 1/2-1/2

[Event "Niederoesterreich Landesliga 1718"]
[Site "Austria"]
[Date "2018.04.15"]
[Round "11.3"]
[White "Wirius, Johannes"]
[Black "Zwettler, Martin"]
[Result "1/2-1/2"]
[WhiteElo "2191"]
[BlackElo "2224"]
[PlyCount "124"]
[EventDate "2017.10.01"]
[EventType "team-tourn"]
[EventRounds "11"]
[EventCountry "AUT"]
[SourceTitle "EXT 2021"]
[Source "ChessBase"]
[SourceDate "2020.10.23"]
[SourceVersion "1"]
[SourceVersionDate "2020.10.23"]
[SourceQuality "1"]
[WhiteTeam "Kottingbrunn"]
[BlackTeam "Zwettl"]
[WhiteTeamCountry "AUT"]
[BlackTeamCountry "AUT"]

1. c4 c5 2. Nc3 g6 3. d3 Bg7 4. Bd2 Nc6 5. g3 e6 6. Bg2 Nge7 7. Nf3 b6 8. 0-0 Bb7 9. Qc1 0-0 10. Bh6 d6 11. Rb1 Qd7 12. a3 Rac8 13. b4 Bxh6 14. Qxh6 Nf5 15. Qh3 Ncd4 16. Ng5 f6 17. Bxb7 Qxb7 18. Nge4 cxb4 19. axb4 d5 20. Nd2 dxc4 21. dxc4 Rfd8 22. Rb2 Kg7 23. Ra1 Rd7 24. Rba2 Nc6 25. Nb3 Qa8 26. Ra4 Ncd4 27. Nd2 Rcc7 28. R4a2 h5 29. Qg2 Qd8 30. Qe4 Nc6 31. Nb5 Rxd2 32. Rxd2 Rd7 33. Qxc6 Rxd2 34. Rxa7+ Kh6 35. Qxe6 Rb2 36. Kg2 Qd2 37. h4 Qxe2 38. Qxe2 Rxe2 39. Ra6 Rb2 40. Rxb6 Ne3+ 41. Kf3 Nxc4 42. Rxf6 Rxb4 43. Nc7 Ne5+ 44. Kg2 Ng4 45. Rf8 Rb7 46. Ne6 Kh7 47. Nd8 Re7 48. Rf7+ Rxf7 49. Nxf7 Kg7 50. Ng5 Kf6 51. f3 Ne3+ 52. Kf2 Nd5 53. f4 Ne7 54. Kf3 Nf5 55. Ne4+ Ke6 56. Nc3 Kf6 57. Nd5+ Ke6 58. Ne3 Kf6 59. Nxf5 gxf5 60. Ke3 Ke6 61. Kd4 Kd6 62. Kc4 Kc6 1/2-1/2

[Event "Niederoesterreich Landesliga 1718"]
[Site "Austria"]
[Date "2018.03.04"]
[Round "9.2"]
[White "Rumpl, Erwin"]
[Black "Wirius, Johannes"]
[Result "1/2-1/2"]
[WhiteElo "2295"]
[BlackElo "2191"]
[PlyCount "99"]
[EventDate "2017.10.01"]
[EventType "team-tourn"]
[EventRounds "11"]
[EventCountry "AUT"]
[SourceTitle "EXT 2019"]
[Source "ChessBase"]
[SourceDate "2018.10.10"]
[SourceVersion "1"]
[SourceVersionDate "2018.10.10"]
[SourceQuality "1"]
[WhiteTeam "Amstetten"]
[BlackTeam "Kottingbrunn"]
[WhiteTeamCountry "AUT"]
[BlackTeamCountry "AUT"]

1. Nf3 g6 2. g3 Bg7 3. Bg2 c5 4. 0-0 Nc6 5. c4 d6 6. Nc3 Bd7 7. b3 a6 8. Bb2 b5 9. Qc1 bxc4 10. bxc4 Rb8 11. Rb1 e5 12. Nd5 Nge7 13. Nxe7 Qxe7 14. Bc3 0-0 15. Qa3 a5 16. d3 Nb4 17. Nd2 Rb6 18. Qxa5 Ra6 19. Qc7 Nxa2 20. Qb7 Rfa8 21. Bb2 Qd8 22. Ra1 R8a7 23. Qb3 Rb6 24. Qc2 Qb8 25. Bc1 Rba6 26. Qb1 Qc7 27. Bb2 Qa5 28. Nb3 Qb4 29. Nc1 Rb6 30. Nxa2 Qxb2 31. Qxb2 Rxb2 32. Nc3 Rxa1 33. Rxa1 Rc2 34. Ne4 h6 35. Nxd6 Bf8 36. Ne4 Kg7 37. Bf3 Bh3 38. Rd1 Be7 39. e3 f5 40. Nd2 g5 41. e4 g4 42. Bg2 Bxg2 43. Kxg2 Bg5 44. Nb3 Be3 45. exf5 Rxf2+ 46. Kh1 Rxf5 47. Nd2 Bxd2 48. Rxd2 Rf3 49. Kg2 Kg6 50. Rd1 1/2-1/2

[Event "Niederoesterreich Landesliga 1718"]
[Site "Austria"]
[Date "2018.02.18"]
[Round "8.4"]
[White "Wirius, Johannes"]
[Black "Schmid, Thomas2222"]
[Result "1/2-1/2"]
[WhiteElo "2191"]
[BlackElo "2103"]
[PlyCount "102"]
[EventDate "2017.10.01"]
[EventType "team-tourn"]
[EventRounds "11"]
[EventCountry "AUT"]
[SourceTitle "EXT 2019"]
[Source "ChessBase"]
[SourceDate "2018.10.10"]
[SourceVersion "1"]
[SourceVersionDate "2018.10.10"]
[SourceQuality "1"]
[WhiteTeam "Kottingbrunn"]
[BlackTeam "Stockerau"]
[WhiteTeamCountry "AUT"]
[BlackTeamCountry "AUT"]

1. e4 c5 2. b3 Nc6 3. Bb2 d6 4. Nf3 Nf6 5. e5 dxe5 6. Nxe5 Nxe5 7. Bxe5 e6 8. Bb5+ Bd7 9. Nc3 Be7 10. Qf3 a6 11. Bxd7+ Qxd7 12. 0-0 0-0 13. Rad1 Rac8 14. d3 Nd5 15. Rfe1 f6 16. Nxd5 Qxd5 17. Qxd5 exd5 18. Bg3 Kf7 19. c4 Rfd8 20. Kf1 Bd6 21. Re3 Bxg3 22. hxg3 dxc4 23. bxc4 Rd7 24. Rb1 Rc6 25. Ke2 Rcd6 26. Rb3 Rd4 27. Rb1 Kg6 28. Rb3 Kf7 29. a4 h5 30. Rb1 R4d6 31. a5 g6 32. Kd2 b6 33. axb6 Rb7 34. Ree1 Rdxb6 35. Rxb6 Rxb6 36. Ra1 Ke6 37. Kc3 Kd6 38. d4 cxd4+ 39. Kxd4 Kc6 40. Ra5 Kb7 41. Ra2 Kc6 42. Ra3 Kb7 43. Ra2 Kc6 44. f3 Kb7 45. Kd5 Rb3 46. c5 g5 47. c6+ Kb6 48. Rc2 Kc7 49. Ke4 Rb6 50. Kd5 Rb3 51. Ke4 Rb5 1/2-1/2

[Event "Niederoesterreich Landesliga 1718"]
[Site "Austria"]
[Date "2017.10.29"]
[Round "3.3"]
[White "Juenger, Heinz"]
[Black "Wirius, Johannes"]
[Result "0-1"]
[WhiteElo "2111"]
[BlackElo "2191"]
[PlyCount "104"]
[EventDate "2017.10.01"]
[EventType "team-tourn"]
[EventRounds "11"]
[EventCountry "AUT"]
[SourceTitle "EXT 2019"]
[Source "ChessBase"]
[SourceDate "2018.10.10"]
[SourceVersion "1"]
[SourceVersionDate "2018.10.10"]
[SourceQuality "1"]
[WhiteTeam "Baden Invest II"]
[BlackTeam "Kottingbrunn"]
[WhiteTeamCountry "AUT"]
[BlackTeamCountry "AUT"]

1. e4 Nf6 2. e5 Nd5 3. d4 d6 4. Nf3 Bf5 5. Bd3 Bxd3 6. Qxd3 Qd7 7. 0-0 e6 8. a3 Be7 9. c4 Nb6 10. exd6 cxd6 11. d5 e5 12. Be3 Na6 13. Nc3 Qc7 14. Bxb6 Qxb6 15. b4 0-0 16. Rac1 Rad8 17. Rfd1 Nb8 18. c5 dxc5 19. Na4 Qa6 20. Qxa6 Nxa6 21. Nxc5 Nxc5 22. bxc5 Bf6 23. d6 h6 24. Kf1 Rfe8 25. Ke2 Kh7 26. Rc4 Rd7 27. Nd2 Bd8 28. Ne4 f5 29. Nc3 Kg6 30. Rb1 Kf7 31. Ra4 b6 32. c6 Rxd6 33. Rxa7+ Re7 34. Nb5 Rxc6 35. Rd1 Bc7 36. Nxc7 Rexc7 37. Rd7+ Rxd7 38. Rxd7+ Kf6 39. Rb7 g6 40. Kd2 e4 41. a4 Ke5 42. a5 Rd6+ 43. Ke2 bxa5 44. Ra7 Rd5 45. Ra6 g5 46. h4 gxh4 47. Rxh6 Rb5 48. Rxh4 Rb2+ 49. Ke1 a4 50. Rh3 Rb3 51. Rh8 Rb1+ 52. Kd2 Rb2+ 0-1

[Event "AUT-chT2O 0910"]
[Site "Austria"]
[Date "2009.11.15"]
[Round "4.4"]
[White "Wirius, Johannes"]
[Black "Ernst, Michael"]
[Result "1/2-1/2"]
[WhiteElo "2177"]
[BlackElo "2166"]
[PlyCount "82"]
[EventDate "2009.10.17"]
[EventType "team-tourn"]
[EventRounds "11"]
[EventCountry "AUT"]
[SourceTitle "EXT 2010"]
[Source "ChessBase"]
[SourceDate "2010.11.25"]
[SourceVersion "1"]
[SourceVersionDate "2010.11.25"]
[SourceQuality "1"]
[WhiteTeam "Wieden"]
[BlackTeam "Tschaturanga"]
[WhiteTeamCountry "AUT"]
[BlackTeamCountry "AUT"]

1. Nf3 Nf6 2. c4 d5 3. cxd5 Nxd5 4. b3 Bg4 5. Ne5 Bh5 6. Bb2 e6 7. Nc3 f6 8. Nd3 Nxc3 9. dxc3 Bd6 10. g3 Qe7 11. Bg2 c6 12. 0-0 0-0 13. Qc2 Nd7 14. c4 e5 15. e4 Nc5 16. Nc1 Ne6 17. Ne2 Bc5 18. Kh1 Rfd8 19. f3 Rd6 20. Bc3 Nd4 21. Nxd4 Bxd4 22. g4 Bf7 23. Rad1 Rad8 24. Bb4 c5 25. Be1 Be3 26. Bg3 Qd7 27. Rxd6 Qxd6 28. Re1 Bh6 29. Bf1 Qd2 30. Qxd2 Rxd2 31. Re2 Rd1 32. Re1 Rd2 33. Re2 Kf8 34. Rxd2 Bxd2 35. Kg2 Ke7 36. Bd3 Kd6 37. Bf2 Kc6 38. Kf1 a6 39. Ke2 Bb4 40. Kd1 b5 41. Kc2 g5 1/2-1/2

[Event "AUT-chT2O 0910"]
[Site "Austria"]
[Date "2009.11.14"]
[Round "3.4"]
[White "Wirius, Johannes"]
[Black "Vyskocil, Neklan"]
[Result "0-1"]
[WhiteElo "2177"]
[BlackElo "2355"]
[PlyCount "100"]
[EventDate "2009.10.17"]
[EventType "team-tourn"]
[EventRounds "11"]
[EventCountry "AUT"]
[SourceTitle "EXT 2010"]
[Source "ChessBase"]
[SourceDate "2010.11.25"]
[SourceVersion "1"]
[SourceVersionDate "2010.11.25"]
[SourceQuality "1"]
[WhiteTeam "Wieden"]
[BlackTeam "Zwettl"]
[WhiteTeamCountry "AUT"]
[BlackTeamCountry "AUT"]

1. c4 Nf6 2. Nc3 e5 3. d3 Bb4 4. Bd2 c6 5. Nf3 Qe7 6. a3 Ba5 7. g3 0-0 8. Bg2 h6 9. 0-0 Bb6 10. e4 d6 11. Na4 Bc7 12. Rc1 Rd8 13. Qc2 Nbd7 14. d4 Nb6 15. Rfe1 Bg4 16. dxe5 dxe5 17. Bb4 Qe8 18. Nc5 Rab8 19. h3 Bxf3 20. Bxf3 Rd4 21. Qe2 Rdd8 22. Red1 Nbd7 23. Bg2 a5 24. Nxd7 Nxd7 25. Bc3 Nc5 26. Qc2 a4 27. Rxd8 Bxd8 28. Rd1 Nb3 29. Qd3 Bb6 30. Qd7 Bd4 31. Qxe8+ Rxe8 32. Bxd4 Nxd4 33. Bf1 Kf8 34. Kg2 Ke7 35. Bd3 Kd6 36. f4 f6 37. Kf2 Kc5 38. f5 Rd8 39. h4 Nb3 40. Ke3 Rd4 41. g4 Na5 42. Rc1 Nxc4+ 43. Ke2 b5 44. g5 hxg5 45. hxg5 fxg5 46. Rc3 b4 47. Rc2 g4 48. Rc1 g3 49. Rc2 g2 50. Rc1 b3 0-1

[Event "AUT-chT2O 0910"]
[Site "Austria"]
[Date "2009.10.18"]
[Round "2.4"]
[White "Weissenbeck, Manuel"]
[Black "Wirius, Johannes"]
[Result "1-0"]
[WhiteElo "2252"]
[BlackElo "2177"]
[PlyCount "93"]
[EventDate "2009.10.17"]
[EventType "team-tourn"]
[EventRounds "11"]
[EventCountry "AUT"]
[SourceTitle "EXT 2010"]
[Source "ChessBase"]
[SourceDate "2010.11.25"]
[SourceVersion "1"]
[SourceVersionDate "2010.11.25"]
[SourceQuality "1"]
[WhiteTeam "Eichgraben"]
[BlackTeam "Wieden"]
[WhiteTeamCountry "AUT"]
[BlackTeamCountry "AUT"]

1. d4 e6 2. Nf3 d5 3. c4 Nf6 4. Nc3 Be7 5. Bg5 0-0 6. e3 Nbd7 7. Rc1 c6 8. Bd3 Re8 9. 0-0 dxc4 10. Bxc4 Nd5 11. Bxe7 Qxe7 12. e4 N5b6 13. Bb3 e5 14. d5 Nc5 15. h3 Bd7 16. Bc2 Rad8 17. Qe2 cxd5 18. exd5 g6 19. Rfe1 f6 20. Nd2 Bf5 21. b4 Na6 22. Bxf5 gxf5 23. a3 Nxd5 24. Nxd5 Rxd5 25. Nc4 Nc7 26. Ne3 Rd7 27. Nxf5 Qe6 28. Qh5 Nd5 29. Rc4 Kh8 30. Rg4 Rg8 31. Ree4 Rxg4 32. hxg4 Rd8 33. Qh6 Rg8 34. f3 Ne7 35. Nh4 Qf7 36. Re2 Qg7 37. Qxg7+ Kxg7 38. Rd2 Rc8 39. Rd7 Kf8 40. Rxb7 Ra8 41. a4 a5 42. b5 Rc8 43. Ra7 Rc4 44. Rxa5 h5 45. Nf5 Nxf5 46. gxf5 Kg7 47. b6 1-0

[Event "AUT-chT2O 0708"]
[Site "Austria"]
[Date "2008.01.26"]
[Round "6.4"]
[White "Batyte, Daiva"]
[Black "Wirius, Johannes"]
[Result "0-1"]
[WhiteElo "2198"]
[BlackElo "2181"]
[PlyCount "118"]
[EventDate "2007.10.20"]
[EventType "team"]
[EventRounds "11"]
[EventCountry "AUT"]
[SourceTitle "EXT 2009"]
[Source "ChessBase"]
[SourceDate "2008.11.26"]
[SourceVersion "1"]
[SourceVersionDate "2008.11.26"]
[SourceQuality "1"]
[WhiteTeam "Stockerau"]
[BlackTeam "Wieden"]
[WhiteTeamCountry "AUT"]
[BlackTeamCountry "AUT"]

1. e4 Nf6 2. e5 Nd5 3. d4 d6 4. c4 Nb6 5. exd6 cxd6 6. Nc3 g6 7. Be3 Bg7 8. Nf3 0-0 9. h3 Nc6 10. Qd2 d5 11. c5 Nc4 12. Bxc4 dxc4 13. 0-0 Bf5 14. d5 Nb4 15. Bh6 Bd3 16. Bxg7 Kxg7 17. Rfd1 Rc8 18. b3 Kg8 19. bxc4 Bxc4 20. Qd4 b5 21. Rac1 Nxa2 22. Nxa2 Bxa2 23. c6 Qd6 24. Rd2 Bc4 25. Ne5 Bb3 26. Ng4 f6 27. Re1 a5 28. Re6 Qa3 29. Re1 a4 30. Rde2 Rc7 31. Qb6 Qd6 32. Qxb5 Qxd5 33. Qxd5+ Bxd5 34. Rxe7 Rxe7 35. Rxe7 a3 36. c7 Bb7 37. Re3 Ra8 38. Re1 a2 39. Ra1 Kf7 40. Ne3 Ke6 41. Nc4 Ra6 42. Nb2 Kd5 43. Kf1 Kd4 44. Ke2 Kc3 45. Nd1+ Kb3 46. g4 Rc6 47. h4 Rxc7 48. f3 Rc2+ 49. Ke3 Rh2 50. Rc1 Rh3 51. Nc3 Rxf3+ 52. Kd2 Rg3 53. g5 fxg5 54. hxg5 Rxg5 55. Nxa2 Kxa2 56. Rc7 Be4 57. Rxh7 Kb3 58. Rc7 Rg3 59. Re7 Bf5 0-1

[Event "AUT-chT2O 0708"]
[Site "Austria"]
[Date "2007.12.02"]
[Round "5.3"]
[White "Dueckstein, Andreas"]
[Black "Wirius, Johannes"]
[Result "1/2-1/2"]
[WhiteElo "2252"]
[BlackElo "2181"]
[PlyCount "22"]
[EventDate "2007.10.20"]
[EventType "team"]
[EventRounds "11"]
[EventCountry "AUT"]
[SourceTitle "CBM 121 Extra"]
[Source "ChessBase"]
[SourceDate "2008.01.10"]
[SourceVersion "1"]
[SourceVersionDate "2008.01.10"]
[SourceQuality "1"]
[WhiteTeam "Tschaturanga"]
[BlackTeam "Wieden"]
[WhiteTeamCountry "AUT"]
[BlackTeamCountry "AUT"]

1. e4 g6 2. d4 Bg7 3. c3 d5 4. e5 c5 5. Nf3 Nc6 6. Be2 cxd4 7. cxd4 Bg4 8. Nc3 Bxf3 9. Bxf3 e6 10. Be3 Nge7 11. 0-0 Nf5 1/2-1/2

[Event "AUT-chT2O 0607"]
[Site "Austria"]
[Date "2007.01.21"]
[Round "7.6"]
[White "Wirius, Johannes"]
[Black "Galavics, Hermann"]
[Result "1/2-1/2"]
[WhiteElo "2188"]
[BlackElo "2098"]
[PlyCount "41"]
[EventDate "2006.10.06"]
[EventType "team-tourn"]
[EventRounds "11"]
[EventCountry "AUT"]
[SourceTitle "EXT 2007"]
[Source "ChessBase"]
[SourceDate "2006.11.23"]
[SourceVersion "1"]
[SourceVersionDate "2006.11.23"]
[SourceQuality "1"]
[WhiteTeam "Wieden Aljechin"]
[BlackTeam "Lackenbach"]
[WhiteTeamCountry "AUT"]
[BlackTeamCountry "AUT"]

1. e4 e6 2. d4 d5 3. e5 c5 4. c3 Nc6 5. Nf3 Qb6 6. Bd3 Bd7 7. dxc5 Bxc5 8. 0-0 Qc7 9. Bf4 h6 10. b4 Bb6 11. Na3 a6 12. Rc1 Qb8 13. Qe2 Nge7 14. b5 axb5 15. Nxb5 0-0 16. c4 f5 17. h4 Nb4 18. Bb1 Bxb5 19. cxb5 Qa7 20. Bd2 Qa4 21. Be3 1/2-1/2

[Event "AUT-chT2O 0607"]
[Site "Austria"]
[Date "2006.10.08"]
[Round "3.5"]
[White "Schirmbeck, Hannes"]
[Black "Wirius, Johannes"]
[Result "1/2-1/2"]
[WhiteElo "2141"]
[BlackElo "2188"]
[PlyCount "125"]
[EventDate "2006.10.06"]
[EventType "team-tourn"]
[EventRounds "11"]
[EventCountry "AUT"]
[SourceTitle "EXT 2007"]
[Source "ChessBase"]
[SourceDate "2006.11.23"]
[SourceVersion "1"]
[SourceVersionDate "2006.11.23"]
[SourceQuality "1"]
[WhiteTeam "Stockerau"]
[BlackTeam "Wieden Aljechin"]
[WhiteTeamCountry "AUT"]
[BlackTeamCountry "AUT"]

1. e4 Nf6 2. e5 Nd5 3. d4 d6 4. Bc4 c6 5. Nf3 g6 6. 0-0 Bg7 7. exd6 Qxd6 8. Bb3 0-0 9. Bg5 Nd7 10. Bh4 N7f6 11. Re1 Bf5 12. Bg3 Qd8 13. c4 Nb6 14. Nc3 Nh5 15. Bh4 Re8 16. Ne5 Bf6 17. c5 Nd5 18. Nxd5 cxd5 19. Bxf6 Nxf6 20. Ba4 Rf8 21. b4 Ne4 22. Rc1 Rc8 23. f3 Nf6 24. Qe2 Rc7 25. Bb5 Kg7 26. a4 a6 27. Bd3 Bxd3 28. Qxd3 Nd7 29. b5 axb5 30. Qxb5 Nxe5 31. Rxe5 e6 32. Rb1 Qh4 33. Qd3 Ra8 34. g3 Qf6 35. Qa3 Rac8 36. f4 Qe7 37. Re2 Ra8 38. Rb4 Rc6 39. Reb2 Ra7 40. Qe3 Rc7 41. Qe5+ f6 42. Qe3 Qd7 43. Qb3 h6 44. Re2 Ra6 45. Rb5 g5 46. fxg5 hxg5 47. a5 Qf7 48. Rb6 Rxb6 49. axb6 Rc6 50. Qa4 Rc8 51. Rc2 Rc6 52. Qa8 Qd7 53. Ra2 Rc8 54. Qa4 Qe7 55. Qb5 Kh6 56. Ra7 e5 57. Qe2 Qh7 58. Qf1 Kg6 59. dxe5 f5 60. g4 Rf8 61. Ra4 Qe7 62. Ra5 Qxe5 63. c6 1/2-1/2

[Event "AUT-chT2O 0405"]
[Site "Austria"]
[Date "2005.04.10"]
[Round "11.5"]
[White "Kremsner, Andreas"]
[Black "Wirius, Johannes"]
[Result "0-1"]
[WhiteElo "2207"]
[BlackElo "2182"]
[PlyCount "84"]
[EventDate "2004.10.09"]
[EventType "team-tourn"]
[EventRounds "11"]
[EventCountry "AUT"]
[SourceTitle "EXT 2005"]
[Source "ChessBase"]
[SourceDate "2004.11.15"]
[SourceVersion "1"]
[SourceVersionDate "2004.11.15"]
[SourceQuality "1"]
[WhiteTeam "Wulkaprodersdorf"]
[BlackTeam "Wieden Aljechin"]
[WhiteTeamCountry "AUT"]
[BlackTeamCountry "AUT"]

1. d4 Nf6 2. Nf3 e6 3. g3 b6 4. Bg2 Bb7 5. 0-0 Be7 6. c4 0-0 7. Nc3 d5 8. Ne5 c6 9. e4 dxc4 10. Nxc4 Ba6 11. b3 b5 12. Ne5 Nfd7 13. Nxd7 Nxd7 14. Re1 b4 15. Na4 c5 16. d5 exd5 17. exd5 Bf6 18. Rb1 Bb5 19. Nb2 Nb6 20. Be3 Rc8 21. Bh3 Bd7 22. Bg2 Bf5 23. Nd3 Nxd5 24. Bxd5 Qxd5 25. Nf4 Qb7 26. Rc1 Bc3 27. Qd5 Be4 28. Qxb7 Bxb7 29. Red1 Bf3 30. Rd7 a6 31. Ra7 Rfd8 32. Rxa6 Bb2 33. Re1 c4 34. bxc4 Rxc4 35. Bb6 Rb8 36. Be3 Rc2 37. Ba7 Rbc8 38. Be3 Bc3 39. Rf1 g5 40. Nh3 f6 41. Ra7 Ra8 42. Rc7 Rcxa2 0-1

[Event "AUT-chT2O 0405"]
[Site "Austria"]
[Date "2005.01.29"]
[Round "5.5"]
[White "Rogetzer, Klaus"]
[Black "Wirius, Johannes"]
[Result "0-1"]
[WhiteElo "2124"]
[BlackElo "2182"]
[PlyCount "72"]
[EventDate "2004.10.09"]
[EventType "team-tourn"]
[EventRounds "11"]
[EventCountry "AUT"]
[SourceTitle "EXT 2005"]
[Source "ChessBase"]
[SourceDate "2004.11.15"]
[SourceVersion "1"]
[SourceVersionDate "2004.11.15"]
[SourceQuality "1"]
[WhiteTeam "Wien Austria"]
[BlackTeam "Wieden Aljechin"]
[WhiteTeamCountry "AUT"]
[BlackTeamCountry "AUT"]

1. d4 f5 2. Nf3 Nf6 3. g3 e6 4. Bg2 Be7 5. 0-0 0-0 6. c4 d5 7. b3 c6 8. Bb2 Ne4 9. Nfd2 Nd7 10. Qc2 Ndf6 11. Nc3 Bd7 12. Rae1 b5 13. f3 Nxd2 14. Qxd2 bxc4 15. bxc4 Rb8 16. e4 Qb6 17. Ba1 fxe4 18. fxe4 dxc4 19. Kh1 Bb4 20. Qe2 Qa6 21. Rf4 Rbd8 22. Ref1 Be7 23. d5 e5 24. Rh4 Bc5 25. dxc6 Bxc6 26. Bh3 Ba8 27. Bg2 Bd4 28. Nd5 Nxd5 29. Rxf8+ Rxf8 30. Bxd4 exd4 31. exd5 d3 32. Qe4 h6 33. Bh3 Qf6 34. Qe6+ Qxe6 35. Bxe6+ Kh7 36. Rxc4 d2 0-1

[Event "AUT-chT2O 0001"]
[Site "Austria"]
[Date "2001.??.??"]
[Round "9"]
[White "Wirius, Johannes"]
[Black "Schneider Zinner, Harald"]
[Result "0-1"]
[WhiteElo "2235"]
[BlackElo "2285"]
[PlyCount "88"]
[EventDate "2000.??.??"]
[EventType "team"]
[EventRounds "11"]
[EventCountry "AUT"]
[SourceTitle "EXT 2003"]
[Source "ChessBase"]
[SourceDate "2002.11.25"]
[SourceVersion "1"]
[SourceVersionDate "2002.11.25"]
[SourceQuality "1"]

1. d4 e6 2. Nf3 Nf6 3. c4 b6 4. g3 Ba6 5. Qc2 c5 6. Bg2 Nc6 7. Bd2 cxd4 8. 0-0 Bb7 9. Rd1 Bc5 10. Ne1 Qc7 11. Nd3 0-0 12. b4 Be7 13. Na3 e5 14. c5 e4 15. Nf4 bxc5 16. bxc5 Ne5 17. Rab1 d3 18. Qb2 dxe2 19. Nxe2 Ba6 20. Bf4 Qxc5 21. Bxe5 Qxa3 22. Qxa3 Bxa3 23. Nf4 Rfe8 24. Bxf6 gxf6 25. Nd5 Bd3 26. Rb3 Bc2 27. Nxf6+ Kf8 28. Rxa3 Bxd1 29. Nxe8 Rxe8 30. Rxa7 d5 31. Rd7 Re5 32. Kf1 Ke8 33. Rd6 Ke7 34. Rh6 d4 35. Rxh7 Bg4 36. Ke1 Rc5 37. Rh4 Rc1+ 38. Kd2 Rd1+ 39. Kc2 d3+ 40. Kc3 Rc1+ 41. Kd2 Rc2+ 42. Ke3 d2 43. Bxe4 d1Q 44. Bxc2 Qc1+ 0-1